000 01356cam a2200337 4500
001 24174
003 BD-RjUL
005 20211209001022.0
008 140312s1969 flu b 001 0 eng
020 _a0870241273 (v. 1) varies
035 _a(BD-RjUL)24240
040 _aDLC
_cDLC
_dDLC
_dBD-RjUL
_beng
041 1 _aengger
082 0 0 _a320.943
_bRIS
100 1 _aRitter, Gerhard,
_d1888-1967.
_974468
245 1 4 _aThe sword and the scepter :
_bthe problem of militarism in Germany /
_cTranslated from the German by Heinz Norden.
_nVolume I
_pThe Prussian Tradition 1740-1890
260 _aCoral Gables, Fla. :
_bUniversity of Miami Press,
_c1969.
300 _a338 p. ;
_c25 cm.
350 _a$15.00 (v. 1) varies
500 _aTranslation of Staatskunst und Kriegshandwerk.
504 _aIncludes bibliographical references.
505 1 _av. 1. The Prussian tradition, 1740-1890.--v. 2. The European powers and the Wilhelminian empire, 1890-1914.--v. 3. The tragedy of statesmanship--Bethmann Hollweg as War Chancellor, 1914-1917.
650 0 _aMilitarism
_zGermany.
_974469
650 0 _aPolitics and war.
_974470
651 0 _aGermany
_xPolitics and government.
_974471
651 0 _aGermany
_xHistory, Military.
_918190
942 _2ddc
_cBK
999 _c24174
_d24174